Music Quiz

Random Music Quiz

Implicit Demand for Proof Twenty One Pilots Lyrics Quiz Stats

 Plays Quiz not verified by Sporcle

Challenge
Share
Tweet
Embed
Score 0/100 Timer 10:00
0 Plays Today
Lyrics % Correct
you
98.8%
you
98.8%
I
98.4%
a
98.4%
and
98.4%
I
98.4%
and
98.4%
I
98.4%
and
98.4%
and
98.4%
and
98.4%
I
98.4%
I
98.4%
and
98.4%
and
98.4%
and
98.4%
and
98.4%
know
97.2%
know
97.2%
me
96.8%
me
96.8%
your
96.8%
your
96.8%
me
96.8%
your
96.8%
me
96.8%
me
96.8%
your
96.8%
your
96.8%
me
96.8%
me
96.8%
me
96.8%
me
96.8%
not
96.4%
Lyrics % Correct
you're
96%
no
96%
down
95.7%
down
95.7%
down
95.7%
down
95.7%
down
95.7%
down
95.7%
down
95.7%
down
95.7%
down
95.7%
down
95.7%
down
95.7%
Down
95.7%
liar
94.5%
this
94.5%
set
94.1%
fire
94.1%
destroy
93.7%
destroy
93.7%
destroy
93.7%
destroy
93.7%
destroy
93.7%
destroy
93.7%
day
92.9%
Rain
92.9%
Rain
92.9%
Rain
92.9%
Rain
92.9%
Rain
92.9%
Rain
92.9%
Rain
92.9%
Rain
92.9%
Rain
92.9%
Lyrics % Correct
could
91.7%
am
91.7%
am
91.7%
Go
90.5%
Go
90.5%
away
88.5%
Why
88.5%
let
88.1%
make
87.7%
us
87.7%
ahead
87%
ahead
87%
name
86.6%
look
85.4%
place
85%
calling
84.6%
hiding
84.6%
by
84.6%
very
84.2%
from
83.4%
disrespect
83.4%
ways
83.4%
won't
83.4%
use
83.4%
dark
83%
show
83%
mean
83%
simply
83%
lightning
81.8%
perplexed
80.2%
face
79.8%
Strike
78.3%

You're not logged in!

Compare scores with friends on all Sporcle quizzes.
Join for Free
OR
Log In

You Might Also Like...

Show Comments

Extras

Created Jun 26, 2016ReportNominate
Tags:pilot, twenty

Top Quizzes Today


Score Distribution

Your Account Isn't Verified!

In order to create a playlist on Sporcle, you need to verify the email address you used during registration. Go to your Sporcle Settings to finish the process.

Report this User

Report this user for behavior that violates our Community Guidelines.

Details: